[Event "Landesliga Sued 1718"]
[Site "Bayern"]
[Date "2017.11.26"]
[Round "3.7"]
[White "Stelter, Felix"]
[Black "Sann, Michael"]
[Result "1-0"]
[WhiteElo "2116"]
[BlackElo "2041"]
[PlyCount "119"]
[EventDate "2017.10.22"]
[EventType "team-tourn"]
[EventRounds "9"]
[EventCountry "GER"]
[SourceTitle "EXT 2022"]
[Source "ChessBase"]
[SourceDate "2021.10.06"]
[SourceVersion "1"]
[SourceVersionDate "2021.10.06"]
[SourceQuality "1"]
[WhiteTeam "Kriegshaber SK"]
[BlackTeam "Unterhaching"]
[WhiteTeamCountry "GER"]
[BlackTeamCountry "GER"]

1. d4 d5 2. c4 Nc6 3. Nc3 e5 4. e3 dxc4 5. d5 Na5 6. Qa4+ c6 7. b4 cxb3 8. axb3 b6 9. b4 Nb7 10. dxc6 Nd6 11. Nf3 f6 12. Ba3 Be6 13. Rd1 Qc7 14. b5 Nh6 15. Bxd6 Bxd6 16. Bc4 Bxc4 17. Qxc4 Qf7 18. Qa4 Rd8 19. Ne4 Qe6 20. Nxd6+ Rxd6 21. Rxd6 Qxd6 22. 0-0 0-0 23. Rd1 Qc5 24. h3 Nf7 25. Rd7 a5 26. bxa6 b5 27. Qa5 Qc1+ 28. Kh2 Qxc6 29. Rc7 Qd6 30. e4 Ra8 31. a7 g6 32. Rb7 b4 33. Rb6 Qd8 34. Qxb4 Rxa7 35. Rb8 Rd7 36. Rxd8+ Rxd8 37. Qe7 Kg7 38. g4 h6 39. h4 Rd3 40. Kg2 g5 41. hxg5 hxg5 42. Ne1 Rd4 43. f3 Kg6 44. Kg3 Rd2 45. Qb4 Rd4 46. Qb3 Rd8 47. Nc2 Rf8 48. Qb4 Kg7 49. Ne3 Nh6 50. Nd5 Ng8 51. Nc7 Rf7 52. Qd6 Re7 53. Qd8 Rf7 54. Ne6+ Kh7 55. Qe8 Nh6 56. Nd8 Ra7 57. Nc6 Rc7 58. Ne7 Rxe7 59. Qxe7+ Kg6 60. Qf8 1-0

[Event "Oberliga Bayern 1213"]
[Site "Bayern"]
[Date "2013.04.14"]
[Round "9.5"]
[White "Stelter, Felix"]
[Black "Meier, Volker"]
[Result "1/2-1/2"]
[WhiteElo "2131"]
[BlackElo "2228"]
[PlyCount "82"]
[EventDate "2012.10.14"]
[EventType "team-tourn"]
[EventRounds "9"]
[EventCountry "GER"]
[SourceTitle "EXT 2015"]
[Source "ChessBase"]
[SourceDate "2014.11.20"]
[SourceVersion "1"]
[SourceVersionDate "2014.11.20"]
[SourceQuality "1"]
[WhiteTeam "Kriegshaber"]
[BlackTeam "Muenchen Tarrasch"]
[WhiteTeamCountry "GER"]
[BlackTeamCountry "GER"]

1. d4 Nf6 2. c4 g6 3. Nc3 Bg7 4. e4 d6 5. f3 0-0 6. Be3 Nbd7 7. Qd2 c6 8. g4 e5 9. dxe5 Nxe5 10. 0-0-0 Be6 11. b3 Qa5 12. Na4 Qxd2+ 13. Rxd2 d5 14. g5 Nh5 15. exd5 cxd5 16. cxd5 Bf5 17. Nc5 Rac8 18. Kd1 b6 19. Nb7 f6 20. Nd6 Rc3 21. Bd4 Rc7 22. Nc4 Nd7 23. Nh3 Rfc8 24. Bb2 fxg5 25. Nxg5 Bxb2 26. Rxb2 Nf4 27. Ne3 Rc1+ 28. Kd2 Bd3 29. Ne6 Nxe6 30. dxe6 Ne5 31. Bg2 Rxh1 32. Bxh1 g5 33. Nd5 Kg7 34. f4 gxf4 35. Nxf4 Bf5 36. Bd5 Kf6 37. Ke3 Rc2 38. Rxc2 Bxc2 39. Nh5+ Ke7 40. h3 Ng6 41. Kd4 Bf5 1/2-1/2

[Event "Oberliga Bayern 1213"]
[Site "Bayern"]
[Date "2012.11.25"]
[Round "3.7"]
[White "Stelter, Felix"]
[Black "Darr, Thomas"]
[Result "1/2-1/2"]
[WhiteElo "2131"]
[BlackElo "2094"]
[PlyCount "91"]
[EventDate "2012.10.14"]
[EventType "team-tourn"]
[EventRounds "9"]
[EventCountry "GER"]
[SourceTitle "EXT 2015"]
[Source "ChessBase"]
[SourceDate "2014.11.20"]
[SourceVersion "1"]
[SourceVersionDate "2014.11.20"]
[SourceQuality "1"]
[WhiteTeam "Kriegshaber"]
[BlackTeam "Dillingen"]
[WhiteTeamCountry "GER"]
[BlackTeamCountry "GER"]

1. d4 g6 2. c4 Bg7 3. Nc3 d6 4. e4 e5 5. d5 Ne7 6. Be3 f5 7. f3 Nd7 8. Qd2 Nf6 9. 0-0-0 Bd7 10. h3 f4 11. Bf2 g5 12. g3 Ng6 13. h4 fxg3 14. Bxg3 Nh5 15. Bf2 Nxh4 16. c5 Nf4 17. Bxh4 gxh4 18. Qf2 Bf6 19. Nge2 Bg5 20. Kb1 0-0 21. Nxf4 Rxf4 22. Ne2 Rf7 23. Bh3 Bxh3 24. Rxh3 Qe7 25. cxd6 cxd6 26. Qg2 Kh8 27. Qg4 Qd7 28. Qxd7 Rxd7 29. Rg1 h6 30. Rg4 Rf8 31. f4 Bxf4 32. Nxf4 Rxf4 33. Rxf4 exf4 34. Rxh4 Rf7 35. Rxh6+ Kg7 36. Rh1 Kf6 37. Kc2 Ke5 38. Kd3 Kf6 39. Ke2 Ke5 40. Kf3 Rg7 41. Rh5+ Kd4 42. Rh1 Re7 43. Rd1+ Ke5 44. Rh1 Kd4 45. Rd1+ Ke5 46. Rh1 1/2-1/2

[Event "Oberliga Bayern 1213"]
[Site "Bayern"]
[Date "2012.11.11"]
[Round "2.7"]
[White "Frey, Michael"]
[Black "Stelter, Felix"]
[Result "0-1"]
[WhiteElo "1996"]
[BlackElo "2131"]
[PlyCount "72"]
[EventDate "2012.10.14"]
[EventType "team-tourn"]
[EventRounds "9"]
[EventCountry "GER"]
[SourceTitle "EXT 2015"]
[Source "ChessBase"]
[SourceDate "2014.11.20"]
[SourceVersion "1"]
[SourceVersionDate "2014.11.20"]
[SourceQuality "1"]
[WhiteTeam "Obernau"]
[BlackTeam "Kriegshaber"]
[WhiteTeamCountry "GER"]
[BlackTeamCountry "GER"]

1. e4 e6 2. d4 d5 3. Nc3 Bb4 4. exd5 exd5 5. Bd3 Nf6 6. Nge2 0-0 7. 0-0 Bg4 8. f3 Bh5 9. Bg5 c6 10. Ng3 Bg6 11. f4 Bxd3 12. Qxd3 Nbd7 13. Nh5 Be7 14. Rae1 Re8 15. Bxf6 Nxf6 16. Nxf6+ Bxf6 17. Rxe8+ Qxe8 18. Ne2 Qe7 19. c3 Re8 20. Ng3 g6 21. f5 Bg5 22. fxg6 hxg6 23. Rd1 f5 24. Nf1 Qe2 25. Qb1 Kg7 26. h3 Bf4 27. Qd3 Qxd3 28. Rxd3 Re2 29. Rf3 Bc1 30. b3 Rxa2 31. c4 Re2 32. cxd5 cxd5 33. Rc3 Bb2 34. Rc7+ Kf6 35. Rxb7 Bxd4+ 36. Kh2 Re1 0-1

[Event "Oberliga Bayern 1112"]
[Site "Bayern"]
[Date "2011.12.11"]
[Round "4.8"]
[White "Jahrsdoerfer, Gerd"]
[Black "Stelter, Felix"]
[Result "0-1"]
[WhiteElo "2161"]
[BlackElo "2165"]
[PlyCount "78"]
[EventDate "2011.10.02"]
[EventType "team-tourn"]
[EventRounds "9"]
[EventCountry "GER"]
[SourceTitle "EXT 2013"]
[Source "ChessBase"]
[SourceDate "2012.11.22"]
[SourceVersion "1"]
[SourceVersionDate "2012.11.22"]
[SourceQuality "1"]
[WhiteTeam "Bad Koenigshofen"]
[BlackTeam "Kriegshaber"]
[WhiteTeamCountry "GER"]
[BlackTeamCountry "GER"]

1. e4 e6 2. d4 d5 3. Nc3 Bb4 4. e5 Ne7 5. a3 Bxc3+ 6. bxc3 c5 7. Qg4 Nf5 8. Bd3 h5 9. Qh3 Nc6 10. Bxf5 exf5 11. Ne2 g5 12. Qd3 h4 13. f4 g4 14. dxc5 Be6 15. Nd4 Qa5 16. Nb5 0-0 17. Be3 f6 18. exf6 Rxf6 19. 0-0 Rd8 20. Bd4 Nxd4 21. cxd4 Rdf8 22. Rab1 Bd7 23. Rb4 b6 24. cxb6 Rxb6 25. Rfb1 Re8 26. c4 Rbe6 27. Nc3 Re3 28. Qd2 dxc4 29. Rxc4 Qa6 30. Rc7 Qd6 31. Rxa7 g3 32. Rf1 Qc6 33. Rc1 Bc8 34. Ra5 Bb7 35. Re5 R8xe5 36. fxe5 h3 37. hxg3 Rxg3 38. d5 Qc5+ 39. Kh1 hxg2+ 0-1

[Event "Landesliga Sued 1011"]
[Site "Bayern"]
[Date "2010.11.14"]
[Round "3.6"]
[White "Fehmer, Dirk"]
[Black "Stelter, Felix"]
[Result "0-1"]
[WhiteElo "1961"]
[BlackElo "2209"]
[PlyCount "70"]
[EventDate "2010.10.10"]
[EventType "team-tourn"]
[EventRounds "9"]
[EventCountry "GER"]
[SourceTitle "EXT 2012"]
[Source "ChessBase"]
[SourceDate "2011.11.24"]
[SourceVersion "1"]
[SourceVersionDate "2011.11.24"]
[SourceQuality "1"]
[WhiteTeam "Haunstetten"]
[BlackTeam "Kriegshaber"]
[WhiteTeamCountry "GER"]
[BlackTeamCountry "GER"]

1. d4 d5 2. Nf3 Nf6 3. c4 e6 4. g3 Be7 5. Bg2 0-0 6. 0-0 c6 7. Qc2 Ne4 8. Nbd2 f5 9. Ne5 Nd7 10. Nd3 Ndf6 11. Nf3 Bd7 12. Nfe5 Be8 13. c5 Nd7 14. a4 Nxe5 15. Nxe5 Qc7 16. b4 Bf6 17. f3 Ng5 18. Bxg5 Bxg5 19. f4 Bf6 20. Rfb1 g5 21. e3 Rd8 22. b5 Bxe5 23. dxe5 d4 24. b6 axb6 25. cxb6 Qe7 26. exd4 Rxd4 27. Rd1 Qd8 28. a5 Bh5 29. Rf1 gxf4 30. Rxf4 Rxf4 31. Rb1 Qd4+ 32. Kh1 Rf2 33. Qb3 Qd2 34. Qxe6+ Bf7 35. Qf6 Rxg2 0-1

[Event "Landesliga Sued 0910"]
[Site "Bayern"]
[Date "2010.03.21"]
[Round "8.4"]
[White "Stelter, Felix"]
[Black "Straub, Juergen"]
[Result "1/2-1/2"]
[WhiteElo "2209"]
[BlackElo "2142"]
[PlyCount "55"]
[EventDate "2009.10.18"]
[EventType "team-tourn"]
[EventRounds "9"]
[EventCountry "GER"]
[SourceTitle "EXT 2011"]
[Source "ChessBase"]
[SourceDate "2010.11.26"]
[SourceVersion "1"]
[SourceVersionDate "2010.11.26"]
[SourceQuality "1"]
[WhiteTeam "Kriegshaber"]
[BlackTeam "Ingolstadt"]
[WhiteTeamCountry "GER"]
[BlackTeamCountry "GER"]

1. d4 Nf6 2. c4 e6 3. Nc3 Bb4 4. e3 b6 5. Bd3 Bb7 6. f3 0-0 7. Nge2 d5 8. 0-0 Nbd7 9. cxd5 exd5 10. e4 dxe4 11. fxe4 c5 12. e5 Ne8 13. a3 cxd4 14. axb4 dxc3 15. Nxc3 Qe7 16. Re1 Nxe5 17. Bxh7+ Kxh7 18. Qh5+ Kg8 19. Qxe5 Qxb4 20. Ra4 Qd6 21. Qxd6 Nxd6 22. Bf4 Rfe8 23. Rea1 Ne4 24. Rxa7 Nxc3 25. bxc3 Rxa7 26. Rxa7 Bd5 27. Kf2 Re4 28. Be3 1/2-1/2

[Event "Regionalliga SW 0708"]
[Site "Bayern"]
[Date "2008.03.09"]
[Round "7.6"]
[White "Koch, Enrico"]
[Black "Stelter, Felix"]
[Result "0-1"]
[WhiteElo "2034"]
[BlackElo "2097"]
[PlyCount "58"]
[EventDate "2007.10.21"]
[EventType "team-tourn"]
[EventRounds "9"]
[EventCountry "GER"]
[SourceTitle "EXT 2009"]
[Source "ChessBase"]
[SourceDate "2008.11.26"]
[SourceVersion "1"]
[SourceVersionDate "2008.11.26"]
[SourceQuality "1"]
[WhiteTeam "Muenchen Tarrasch II"]
[BlackTeam "Kriegshaber"]
[WhiteTeamCountry "GER"]
[BlackTeamCountry "GER"]

1. Nf3 d5 2. g3 c5 3. Bg2 Nc6 4. d4 e6 5. 0-0 Nf6 6. b3 cxd4 7. Nxd4 Bc5 8. Nxc6 bxc6 9. Bb2 0-0 10. Nd2 Ba6 11. c4 Qe7 12. e4 Rfd8 13. e5 Nd7 14. Qg4 f5 15. exf6 Nxf6 16. Qh4 Rf8 17. Nf3 Rae8 18. a3 Qb7 19. b4 Bb6 20. Ne5 Bd8 21. Qd4 Nd7 22. Ng4 e5 23. Qd2 Bxc4 24. Rfe1 d4 25. Nxe5 Nxe5 26. Rxe5 Rxe5 27. Qxd4 Qf7 28. Rc1 Bd5 29. Qxe5 Qxf2+ 0-1

[Event "Regionalliga SW 0708"]
[Site "Bayern"]
[Date "2008.02.17"]
[Round "6.5"]
[White "Schweier, Lorenz"]
[Black "Stelter, Felix"]
[Result "0-1"]
[WhiteElo "1995"]
[BlackElo "2097"]
[PlyCount "92"]
[EventDate "2007.10.21"]
[EventType "team-tourn"]
[EventRounds "9"]
[EventCountry "GER"]
[SourceTitle "EXT 2009"]
[Source "ChessBase"]
[SourceDate "2008.11.26"]
[SourceVersion "1"]
[SourceVersionDate "2008.11.26"]
[SourceQuality "1"]
[WhiteTeam "Sonthofen"]
[BlackTeam "Kriegshaber"]
[WhiteTeamCountry "GER"]
[BlackTeamCountry "GER"]

1. e4 e6 2. d4 d5 3. e5 c5 4. c3 Nc6 5. Nf3 Qb6 6. a3 c4 7. Be2 Na5 8. Nbd2 Bd7 9. 0-0 f6 10. Rb1 0-0-0 11. b4 Nc6 12. Re1 Nh6 13. Bxc4 dxc4 14. Nxc4 Qc7 15. Bxh6 gxh6 16. exf6 Rg8 17. b5 Na5 18. Nce5 Nc4 19. Nf7 Nxa3 20. Rb3 Bxb5 21. Nxd8 Qxd8 22. Rxb5 Nxb5 23. Rxe6 Nc7 24. Qe2 Bd6 25. c4 Nxe6 26. Qxe6+ Kb8 27. c5 Bc7 28. f7 Rf8 29. d5 Qc8 30. Qe7 Ka8 31. g3 Rh8 32. Nd4 Bd8 33. Qd6 Bc7 34. Qf6 Qd8 35. Qxh8 Qxh8 36. Ne6 a5 37. f8Q+ Qxf8 38. Nxf8 a4 39. Ne6 Be5 40. d6 a3 41. c6 bxc6 42. d7 Bf6 43. Nd4 a2 44. Nc2 Kb8 45. Kf1 Kc7 46. Ke2 Kxd7 0-1

[Event "Landesliga Sued 0607"]
[Site "Bayern"]
[Date "2007.04.22"]
[Round "9.5"]
[White "Stelter, Felix"]
[Black "Haizmann, Thomas"]
[Result "1/2-1/2"]
[WhiteElo "2134"]
[BlackElo "2058"]
[PlyCount "85"]
[EventDate "2006.10.15"]
[EventType "team-tourn"]
[EventRounds "9"]
[EventCountry "GER"]
[SourceTitle "EXT 2008"]
[Source "ChessBase"]
[SourceDate "2007.11.25"]
[SourceVersion "1"]
[SourceVersionDate "2007.11.25"]
[SourceQuality "1"]
[WhiteTeam "Kriegshaber"]
[BlackTeam "Muenchen Siemens"]
[WhiteTeamCountry "GER"]
[BlackTeamCountry "GER"]

1. d4 Nf6 2. c4 e6 3. Nc3 d5 4. Bg5 Be7 5. Nf3 0-0 6. e3 h6 7. Bf4 c5 8. Bd3 Nc6 9. a3 cxd4 10. exd4 b6 11. 0-0 Bb7 12. Rc1 Rc8 13. cxd5 Nxd5 14. Nxd5 Qxd5 15. Re1 Nxd4 16. Be4 Rxc1 17. Bxc1 Nxf3+ 18. Qxf3 Qa5 19. b4 Bxe4 20. Qxe4 Qa4 21. Qg4 Bf6 22. Qf3 a5 23. bxa5 Qxa5 24. Rd1 Rd8 25. Rxd8+ Bxd8 26. Qd1 Qd5 27. Qc2 b5 28. g3 Bb6 29. Bb2 Bd4 30. Bxd4 Qxd4 31. Qc8+ Kh7 32. Qe8 Qd1+ 33. Kg2 Qd5+ 34. Kg1 Qd1+ 35. Kg2 Qd5+ 36. Kg1 e5 37. h4 g6 38. Qe7 Kg7 39. Kh2 e4 40. Qb4 Qd3 41. Qc5 h5 42. Qe5+ Kh7 43. Qc5 1/2-1/2

[Event "Landesliga Sued 0607"]
[Site "Bayern"]
[Date "2007.03.18"]
[Round "7.5"]
[White "Daeubler, Heinrich"]
[Black "Stelter, Felix"]
[Result "1/2-1/2"]
[WhiteElo "2050"]
[BlackElo "2134"]
[PlyCount "62"]
[EventDate "2006.10.15"]
[EventType "team-tourn"]
[EventRounds "9"]
[EventCountry "GER"]
[SourceTitle "EXT 2008"]
[Source "ChessBase"]
[SourceDate "2007.11.25"]
[SourceVersion "1"]
[SourceVersionDate "2007.11.25"]
[SourceQuality "1"]
[WhiteTeam "Haunstetten"]
[BlackTeam "Kriegshaber"]
[WhiteTeamCountry "GER"]
[BlackTeamCountry "GER"]

1. d4 d5 2. c4 e6 3. Nc3 Nf6 4. Nf3 Be7 5. g3 0-0 6. Bg2 c6 7. 0-0 Nbd7 8. Qd3 b6 9. Rd1 Bb7 10. e4 dxc4 11. Qxc4 b5 12. Qe2 b4 13. Na4 Qa5 14. b3 Ba6 15. Qe1 c5 16. d5 exd5 17. e5 Rae8 18. Qd2 Ng4 19. Qxd5 Ndxe5 20. Nxe5 Nxe5 21. Be3 Ng4 22. Bxc5 Rd8 23. Bxe7 Rxd5 24. Rxd5 Qc7 25. Bxf8 Kxf8 26. Rad1 g6 27. Nc5 Bc8 28. Nd7+ Bxd7 29. Rxd7 Qc5 30. R7d4 h5 31. h3 Ne5 1/2-1/2

[Event "Landesliga Sued 0607"]
[Site "Bayern"]
[Date "2006.10.15"]
[Round "1.5"]
[White "Wurzel, Andre"]
[Black "Stelter, Felix"]
[Result "1/2-1/2"]
[WhiteElo "2122"]
[BlackElo "2134"]
[PlyCount "77"]
[EventDate "2006.10.15"]
[EventType "team-tourn"]
[EventRounds "9"]
[EventCountry "GER"]
[SourceTitle "EXT 2008"]
[Source "ChessBase"]
[SourceDate "2007.11.25"]
[SourceVersion "1"]
[SourceVersionDate "2007.11.25"]
[SourceQuality "1"]
[WhiteTeam "Ingolstadt"]
[BlackTeam "Kriegshaber"]
[WhiteTeamCountry "GER"]
[BlackTeamCountry "GER"]

1. c4 e5 2. g3 g6 3. Bg2 Bg7 4. Nc3 Ne7 5. e4 0-0 6. Nge2 d6 7. 0-0 Nbc6 8. d3 Bg4 9. f3 Be6 10. Nd5 Nd4 11. Nxd4 exd4 12. Bg5 f6 13. Bd2 c6 14. Nf4 Bf7 15. Bh3 f5 16. exf5 Nxf5 17. Bxf5 gxf5 18. Re1 Qd7 19. Qe2 Rae8 20. Qf2 a6 21. Rxe8 Rxe8 22. Re1 Re5 23. Ng2 c5 24. Bf4 Rxe1+ 25. Qxe1 d5 26. cxd5 Qxd5 27. Qe7 h6 28. Nh4 Kh7 29. Qd6 Qxd6 30. Bxd6 c4 31. Nxf5 cxd3 32. Kf1 d2 33. Ke2 d3+ 34. Kxd2 Bxb2 35. a3 Bc4 36. Ne3 b5 37. Ng4 Bd4 38. Ne5 Bxe5 39. Bxe5 1/2-1/2

[Event "Landesliga Sued 0506"]
[Site "Bayern"]
[Date "2006.01.15"]
[Round "5.4"]
[White "Baldauf, Marco"]
[Black "Stelter, Felix"]
[Result "1/2-1/2"]
[WhiteElo "2094"]
[BlackElo "2143"]
[PlyCount "86"]
[EventDate "2005.10.23"]
[EventType "team-tourn"]
[EventRounds "9"]
[EventCountry "GER"]
[SourceTitle "EXT 2007"]
[Source "ChessBase"]
[SourceDate "2006.11.23"]
[SourceVersion "1"]
[SourceVersionDate "2006.11.23"]
[SourceQuality "1"]
[WhiteTeam "Pang/Rosenheim"]
[BlackTeam "Kriegshaber SK"]
[WhiteTeamCountry "GER"]
[BlackTeamCountry "GER"]

1. e4 e6 2. d4 d5 3. Nd2 Nf6 4. e5 Nfd7 5. Bd3 c5 6. c3 Nc6 7. Ndf3 Qb6 8. Ne2 f6 9. exf6 Nxf6 10. 0-0 Bd6 11. a3 0-0 12. b4 cxd4 13. cxd4 Bd7 14. Bf4 Bxf4 15. Nxf4 Ne4 16. Ne2 Nf6 17. Re1 Rae8 18. Nc3 Kh8 19. Na4 Qc7 20. Rc1 Qf4 21. Bb1 e5 22. g3 Qh6 23. Rxc6 Bxc6 24. Nxe5 Bxa4 25. Qxa4 Qd2 26. Rd1 Qe2 27. Bd3 Qh5 28. Rd2 Ng4 29. f4 Rc8 30. Qd1 Nf6 31. Be2 Qh3 32. Bf1 Qe6 33. g4 Ne4 34. f5 Qh6 35. Rd3 Rc1 36. Qe2 Qh4 37. Qg2 Rfc8 38. Ng6+ hxg6 39. Rh3 g5 40. Rxh4+ gxh4 41. g5 R8c2 42. Qg4 Rf2 43. Qh5+ Kg8 1/2-1/2

[Event "Landesliga Sued 0405"]
[Site "Bayern"]
[Date "2005.03.13"]
[Round "8.5"]
[White "Schuetz, Guenter"]
[Black "Stelter, Felix"]
[Result "0-1"]
[WhiteElo "2110"]
[BlackElo "2100"]
[PlyCount "110"]
[EventDate "2004.10.24"]
[EventType "team-tourn"]
[EventRounds "9"]
[EventCountry "GER"]
[SourceTitle "EXT 2007"]
[Source "ChessBase"]
[SourceDate "2006.11.23"]
[SourceVersion "1"]
[SourceVersionDate "2006.11.23"]
[SourceQuality "1"]
[WhiteTeam "Bayern Muenchen II"]
[BlackTeam "Kriegshaber SK"]
[WhiteTeamCountry "GER"]
[BlackTeamCountry "GER"]

1. f4 d5 2. Nf3 c5 3. g3 Nc6 4. Bg2 g6 5. d3 Bg7 6. 0-0 Nf6 7. Qe1 0-0 8. c3 d4 9. Na3 Be6 10. Bd2 Qd7 11. Ng5 Bd5 12. Bh3 Ng4 13. c4 Be6 14. Nxe6 Qxe6 15. Nc2 h5 16. Rb1 a6 17. Bg2 Rac8 18. b4 cxb4 19. Nxb4 Nxb4 20. Rxb4 b5 21. Bd5 Qd7 22. Be4 Nf6 23. cxb5 Nxe4 24. dxe4 axb5 25. Qb1 Qg4 26. Qd3 Ra8 27. a3 Qd7 28. Rfb1 Qa7 29. R1b3 Rfb8 30. Rxb5 Rxb5 31. Qxb5 d3+ 32. e3 e5 33. Qxd3 exf4 34. gxf4 Qe7 35. Kg2 Rd8 36. Qc2 Qd7 37. Be1 Qg4+ 38. Kf1 Qf3+ 39. Qf2 Qh1+ 40. Ke2 Qxe4 41. Rb4 Qd3+ 42. Kf3 Qxa3 43. Qc2 Qa8+ 44. Qe4 Qc8 45. Kf2 Bf6 46. f5 Re8 47. Qf3 Qc2+ 48. Kf1 Qd3+ 49. Kf2 g5 50. h3 g4 51. Qe2 Bh4+ 52. Kf1 Qxe2+ 53. Kxe2 Bxe1 54. Rb1 Bh4 55. hxg4 Bg5 0-1

[Event "Landesliga Sued 0304"]
[Site "Bayern"]
[Date "2004.03.07"]
[Round "7.5"]
[White "Grimberg, Boris"]
[Black "Stelter, Felix"]
[Result "0-1"]
[WhiteElo "1931"]
[BlackElo "2115"]
[PlyCount "81"]
[EventDate "2003.10.12"]
[EventType "team-tourn"]
[EventRounds "9"]
[EventCountry "GER"]
[SourceTitle "EXT 2006"]
[Source "ChessBase"]
[SourceDate "2005.11.24"]
[SourceVersion "1"]
[SourceVersionDate "2005.11.24"]
[SourceQuality "1"]
[WhiteTeam "Haunstetten"]
[BlackTeam "Kriegshaber"]
[WhiteTeamCountry "GER"]
[BlackTeamCountry "GER"]

1. d4 Nf6 2. Nf3 d5 3. Bf4 e6 4. e3 c5 5. c3 Nc6 6. Bd3 Be7 7. Nbd2 0-0 8. Ne5 Ne8 9. 0-0 f5 10. h3 Nxe5 11. Bxe5 b6 12. Nf3 Bb7 13. Bh2 c4 14. Bc2 b5 15. Ne5 Nf6 16. g4 Ne4 17. f3 Nd6 18. Kh1 Qe8 19. Rg1 Rd8 20. Qe2 Kh8 21. Rg2 Rg8 22. Rag1 Bf6 23. g5 Bxe5 24. Bxe5 Nf7 25. f4 Nxe5 26. fxe5 g6 27. h4 Rd7 28. Qf3 a5 29. Rh2 Rgg7 30. Rg3 Kg8 31. Rgh3 Qe7 32. Qd1 Bc6 33. Bb1 Rb7 34. Rg3 Be8 35. Rgg2 b4 36. Qc1 Qc7 37. Rf2 Qb6 38. Re2 a4 39. Qd2 a3 40. bxa3 bxc3 41. Qxc3 0-1

[Event "Landesliga Sued 0304"]
[Site "Bayern"]
[Date "2004.02.15"]
[Round "6.6"]
[White "Poellner, Ludwig"]
[Black "Stelter, Felix"]
[Result "0-1"]
[WhiteElo "2035"]
[BlackElo "2115"]
[PlyCount "68"]
[EventDate "2003.10.12"]
[EventType "team-tourn"]
[EventRounds "9"]
[EventCountry "GER"]
[SourceTitle "EXT 2006"]
[Source "ChessBase"]
[SourceDate "2005.11.24"]
[SourceVersion "1"]
[SourceVersionDate "2005.11.24"]
[SourceQuality "1"]
[WhiteTeam "Dorfen"]
[BlackTeam "Kriegshaber"]
[WhiteTeamCountry "GER"]
[BlackTeamCountry "GER"]

1. d4 d5 2. Bg5 c6 3. e3 Nf6 4. Bxf6 exf6 5. Bd3 Bd6 6. Qf3 Qb6 7. b3 Be6 8. Ne2 Nd7 9. 0-0 h5 10. Bf5 g5 11. Bxe6 fxe6 12. e4 0-0-0 13. c4 dxe4 14. Qxe4 Qc7 15. g3 f5 16. Qc2 h4 17. Nd2 Nf6 18. c5 hxg3 19. fxg3 Qh7 20. Nf3 Bc7 21. Rae1 Ng4 22. Nc3 Bxg3 23. Re2 Bf4 24. Nd1 Qh3 25. Rg2 Rh6 26. Qe2 Rdh8 27. Nf2 Qh5 28. Nxg4 fxg4 29. Ne5 Bxh2+ 30. Kf2 Qh4+ 31. Ke3 Bf4+ 32. Kd3 Qh3+ 33. Kc2 g3 34. Nf7 Qf5+ 0-1

[Event "Landesliga Sued 0304"]
[Site "Bayern"]
[Date "2003.12.14"]
[Round "4.6"]
[White "Kaiser, Guenter"]
[Black "Stelter, Felix"]
[Result "1-0"]
[WhiteElo "2100"]
[BlackElo "2115"]
[PlyCount "47"]
[EventDate "2003.10.12"]
[EventType "team-tourn"]
[EventRounds "9"]
[EventCountry "GER"]
[SourceTitle "EXT 2006"]
[Source "ChessBase"]
[SourceDate "2005.11.24"]
[SourceVersion "1"]
[SourceVersionDate "2005.11.24"]
[SourceQuality "1"]
[WhiteTeam "Tegernsee II"]
[BlackTeam "Kriegshaber"]
[WhiteTeamCountry "GER"]
[BlackTeamCountry "GER"]

1. d4 Nf6 2. Nf3 e6 3. Nbd2 d5 4. e3 c5 5. c3 Nc6 6. Bd3 Be7 7. 0-0 0-0 8. Qe2 Qb6 9. dxc5 Bxc5 10. Nb3 Bd6 11. e4 dxe4 12. Bxe4 Nxe4 13. Qxe4 f5 14. Qc4 Qc7 15. Rd1 Rf6 16. h3 Kh8 17. Bg5 Rg6 18. Nbd4 h6 19. Nb5 Qa5 20. Nxd6 hxg5 21. Nf7+ Kg8 22. N7xg5 Qc7 23. h4 b5 24. Qxc6 1-0

[Event "Oberliga Bayern 0203"]
[Site "Bayern"]
[Date "2003.02.09"]
[Round "6.6"]
[White "Stelter, Felix"]
[Black "Gerer, Josef"]
[Result "1/2-1/2"]
[WhiteElo "2112"]
[BlackElo "2095"]
[PlyCount "120"]
[EventDate "2002.10.20"]
[EventType "team"]
[EventRounds "9"]
[EventCountry "GER"]
[SourceTitle "EXT 2004"]
[Source "ChessBase"]
[SourceDate "2003.11.25"]
[SourceVersion "1"]
[SourceVersionDate "2003.11.25"]
[SourceQuality "1"]
[WhiteTeam "Kriegshaber"]
[BlackTeam "Passau"]
[WhiteTeamCountry "GER"]
[BlackTeamCountry "GER"]

1. d4 d6 2. c4 g6 3. Nc3 Bg7 4. e4 e5 5. d5 Nd7 6. Be3 Nh6 7. g4 f6 8. Be2 Nf7 9. Qd2 c5 10. h4 a6 11. a3 Qa5 12. Nf3 Rb8 13. Ra2 Qc7 14. g5 f5 15. Qc2 Nf8 16. b4 f4 17. Bc1 h6 18. gxh6 Rxh6 19. Qd1 g5 20. Kd2 g4 21. Ng5 f3 22. Bd3 Rh5 23. Kc2 Bf6 24. Be3 Ng6 25. Ne6 Qe7 26. bxc5 Bxe6 27. dxe6 Qxe6 28. Nd5 Kf8 29. cxd6 Qxd6 30. Rb2 Bd8 31. c5 Qc6 32. Qg1 Rxh4 33. Rxh4 Nxh4 34. Qxg4 Ra8 35. Nb6 Bxb6 36. Rxb6 Qa4+ 37. Kb2 Ng2 38. Qxf3 Ne1 39. Bh6+ Ke8 40. Re6+ Kd8 41. Qe3 Qd1 42. Bb1 Kc8 43. Qd2 Qxd2+ 44. Bxd2 Nf3 45. Ba5 Kd7 46. Rb6 Nd8 47. Ba2 Nd4 48. Rd6+ Ke7 49. f4 Nf7 50. Bxf7 Kxf7 51. fxe5 Nc6 52. e6+ Ke7 53. Bc3 Nd8 54. Rb6 Rc8 55. Bb4 Rc6 56. Rxc6 Nxc6 57. Bc3 Kxe6 58. Kb3 Ke7 59. Kc4 Ke6 60. a4 Nd8 1/2-1/2

[Event "Landesliga Sued 0102"]
[Site "Bayern"]
[Date "2002.04.14"]
[Round "8.5"]
[White "Stelter, Felix"]
[Black "Wagner, Hans2222"]
[Result "0-1"]
[WhiteElo "2125"]
[BlackElo "2160"]
[PlyCount "62"]
[EventDate "2001.10.07"]
[EventType "team-tourn"]
[EventRounds "9"]
[EventCountry "GER"]
[SourceTitle "EXT 2003"]
[Source "ChessBase"]
[SourceDate "2002.11.25"]
[SourceVersion "1"]
[SourceVersionDate "2002.11.25"]
[SourceQuality "1"]
[WhiteTeam "Kriegshaber"]
[BlackTeam "Pfarrkirchen SC"]
[WhiteTeamCountry "GER"]
[BlackTeamCountry "GER"]

1. d4 g6 2. c4 Bg7 3. Nc3 d6 4. e4 Nc6 5. Be3 e5 6. d5 Nce7 7. g4 f5 8. gxf5 gxf5 9. Qh5+ Kf8 10. exf5 Nf6 11. Qf3 Bxf5 12. Bh3 Qd7 13. 0-0-0 a6 14. Qg2 Rg8 15. f3 b5 16. c5 dxc5 17. Bxf5 Qxf5 18. Qd2 c4 19. d6 cxd6 20. Qxd6 Kf7 21. Nge2 Qe6 22. Qa3 Ned5 23. Nxd5 Nxd5 24. Rxd5 Qxd5 25. Rd1 Qe6 26. f4 Rad8 27. Rf1 e4 28. f5 Qd6 29. Qa5 Be5 30. Qe1 Qd3 31. Qf2 Rg2 0-1